000 00660nam a2200229Ia 4500
003 OSt
005 20221007075231.0
006 a|||||r|||| 00| 0
007 ta
008 221006b |||||||| |||| 00| 0 eng d
024 _a10,215
037 _cReference Collections
040 _aFLL
_cFLL
_beng
041 _2eng
_aeng
082 _aY1:3560(Q2:42), M7
100 _aDiwan Paras Au.
245 0 _aDowry and protection to married women
260 _aNew Delhi
_bDeep and deep publications India
_c1987
300 _a374p
_ccm.
942 _hY1:3560(Q2:42), M7
_cREF
_2CC
999 _c1155284
_d1155284